| 000 | 01484nam0a22002771 4500 | ||
|---|---|---|---|
| 001 | rc\432049 | ||
| 005 | 20030616170816.6 | ||
| 035 | _a(NLR Aleph) 005678701 | ||
| 090 |
_a7051582 _c7051582 |
||
| 100 | _a20030616d1988 u |0rusy50 ca | ||
| 101 | 0 | _arus | |
| 102 | _aRU | ||
| 105 | _ay ||||||||| | ||
| 200 | 1 |
_aМедицинская помощь больным острыми респираторными заболеваниями в поликлинике _f[К. м. н. О.И. Кубарь, д. м. н., проф. Д.М. Злыдников _gВДНХ СССР. Павильон "Здравоохранение СССР". Темат. выст. "Наука - здравоохранению"] |
|
| 210 |
_aЛ. _cЛенингр. НИИ эпидемиологии и микробиологии _d1988 |
||
| 215 |
_a12 с. _d20 |
||
| 300 | _aВ надзаг.: М-во здравоохранения РСФСР, Ленингр. НИИ эпидемиологии и микробиологии им. Пастера | ||
| 320 | _aБиблиогр.: с. 12 | ||
| 700 | 1 |
_aКубарь _bО. И. _gОльга Иосифовна |
|
| 701 | 1 |
_aЗлыдников _bД. М. _gДмитрий Михайлович |
|
| 712 | 0 | 2 |
_aЛенинградский НИИ эпидемиологии, микробиологии и гигиены им. Пастера _3RU\NLR\AUTH\889935191 |
| 801 | 0 |
_aRU _bNLR _gpsbo |
|
| 801 | 1 |
_aRU _bELAR _2rusmarc |
|
| 852 |
_aNLR _j88-6/6015 |
||
| 942 | _cBOOK | ||
| 980 | _aNB | ||